000 01777cam a22004334a 4500
001 12684815
003 ARRUPE
005 20141027124131.0
008 020214s2002 inu b 001 0 eng
010 _a 2002022570
020 _a0865973725 (alk. paper)
020 _a0865973733 (pbk. : alk. paper)
035 _a(DLC) 2002022570
035 _a(DLC)733
040 _aDLC
_cDLC
_dDLC
041 1 _aeng
_hlat
042 _apcc
050 0 0 _aBX8063.7.R4
_bP8413 2002
082 0 0 _a284
_221
100 1 _aPufendorf, Samuel,
_cFreiherr von,
_d1632-1694.
_912142
240 1 0 _aJus feciale divinum.
_lEnglish
245 1 4 _aThe divine feudal law, or, Covenants with mankind, represented /
_cSamuel Pufendorf ; translated by Theophilus Dorrington ; edited and with an introduction by Simone Zurbuchen.
246 3 _aDivine feudal law
246 3 _aCovenants with mankind, represented
260 _aIndianapolis, Ind. :
_bLiberty Fund,
_cc2002.
300 _axix, 246 p. ;
_c24 cm.
440 0 _aNatural law and enlightenment classics
_912143
490 1 _aThe works of Samuel von Pufendorf
504 _aIncludes bibliographical references (p. 227-228) and index.
650 0 _aLutheran Church
_xRelations
_xReformed Church.
_912261
650 0 _aReformed Church
_xRelations
_xLutheran Church.
_912262
650 0 _aUnionism (Lutheranism)
_912263
700 1 _aDorrington, Theophilus,
_d-1715.
_912264
700 1 _aZurbuchen, Simone.
_912259
800 1 _aPufendorf, Samuel,
_cFreiherr von,
_d1632-1694.
_tWorks.
_lEnglish.
_f2002.
_912260
906 _a7
_bcbc
_corignew
_d1
_eocip
_f20
_gy-gencatlg
942 _2lcc
_cMONOGRAPH
999 _c121140
_d121140